| 000 | 00447nam a22001457a 4500 | ||
|---|---|---|---|
| 082 | _aBE-EE-3 | ||
| 100 |
_aMaleeha Iesar _992481 |
||
| 245 | _aIntelligent sign language recognition system | ||
| 260 |
_aIslamabad _bNUST-SEECS _c2015 |
||
| 300 |
_a31 _eCD Include |
||
| 500 | _aSupervisors: Dr. Ahmed Salman, Dr. Khawar Khurshid | ||
| 700 |
_aFatima Asif _992482 |
||
| 856 | _uhttp://10.250.8.41:8080/xmlui/handle/123456789/10810 | ||
| 942 |
_cPR _2ddc |
||
| 999 |
_c13248 _d13248 |
||